Library Banner

Urdu afsaanay kaa tashkeeli daur (Urdu) (Record no. 45497)

MARC details
000 -LEADER
fixed length control field 00482nam a2200181Ia 4500
001 - CONTROL NUMBER
control field 47577
008 - FIXED-LENGTH DATA ELEMENTS--GENERAL INFORMATION
fixed length control field 140429s9999 xx 000 0 und d
020 ## - INTERNATIONAL STANDARD BOOK NUMBER
International Standard Book Number NA
040 ## - CATALOGING SOURCE
Transcribing agency PK-LaUMT
082 ## - DEWEY DECIMAL CLASSIFICATION NUMBER
Classification number RHC 891.4393
Item number UMA-U
100 ## - MAIN ENTRY--PERSONAL NAME
Personal name Umar Muhajir, Muhammad
245 ## - TITLE STATEMENT
Title Urdu afsaanay kaa tashkeeli daur (Urdu)
Statement of responsibility, etc Umar Muhajir, Muhammad
260 ## - PUBLICATION, DISTRIBUTION, ETC. (IMPRINT)
Place of publication, distribution, etc Karachi,Pakistan:
Name of publisher, distributor, etc State Bank of Pakistan,
Date of publication, distribution, etc 2005
300 ## - PHYSICAL DESCRIPTION
Extent 79 p.
546 ## - LANGUAGE NOTE
Language note UR
650 ## - SUBJECT ADDED ENTRY--TOPICAL TERM
Topical term or geographic name as entry element Urdu literature
942 ## - ADDED ENTRY ELEMENTS (KOHA)
Koha item type Books
Holdings
Withdrawn status Lost status Damaged status Not for loan Home library Current library Date acquired Total Checkouts Full call number Barcode Date last seen Price effective from Koha item type
        UMT Main Campus UMT Main Campus 2014-04-29   RHC 891.4393 UMA-U 56703 2014-05-06 2014-05-06 Books